000 00733cam a22002653a 4500
001 15147
003 PGUSA
005 20140828083326.0
008 050222s2005||||xxu|||||s|||||000 | eng d
040 _aPGUSA
_beng
042 _adc
050 4 _aTT
100 1 _aBeeton,
_cMrs
_q(Isabella Mary),
_d1836-1865
245 1 0 _aBeeton's Book of Needlework
_h[electronic resource] /
_cBeeton,
260 _bProject Gutenberg,
_c2005
506 _aPublic domain in the USA.
516 _aElectronic text
653 _aCrocheting
653 _aNeedlework -- Patterns
653 _aLace and lace making
653 _aKnitting
830 0 _aProject Gutenberg
_v15147
856 4 0 _uhttp://www.gutenberg.org/ebooks/15147
942 _cEB
999 _c244402
_d244402